| 000 | 00509nam a2200217Ia 4500 | ||
|---|---|---|---|
| 003 | OSt | ||
| 005 | 20140312152752.0 | ||
| 008 | 140130s9999 xx 000 0 und d | ||
| 020 | _a0590484133 | ||
| 050 |
_aPZ 7 _b.R382Ho 1995 |
||
| 100 | _aRelf, Patricia | ||
| 245 |
_cPatricia Relf. _aHops Home / |
||
| 260 |
_bScholastic, _c1995. _aNew York : |
||
| 300 |
_a40 p. : _bcol. ill. ; _c19 cm. |
||
| 440 | _v1 | ||
| 521 | _aG2 | ||
| 526 | _c400 | ||
| 942 |
_cBK _2lcc |
||
| 999 |
_c40247 _d40247 |
||